UK by Picture - S - Statistics

General Stats
  • This quiz has been taken 66 times
  • The average score is 15 of 20
Answer Stats
Picture Hint Answer % Correct
Country Scotland
100%
Playwright William Shakespeare
100%
Ancient Monument Stonehenge
98%
Bird Swan
95%
Singer Harry Styles
90%
Girl Group Spice Girls
90%
Skyscraper The Shard
85%
Food Scone
84%
Postage Label Stamp
74%
Musician Ringo Starr
72%
Aircraft Supermarine Spitfire
72%
Food Scotch Egg
69%
Archipelago Shetland
69%
Food Shepherd's Pie
64%
Cheese Stilton
64%
County Suffolk
62%
Mountain Snowdon
61%
Motor Racing Circuit Silverstone
59%
Kilt Accompaniment Sporran
44%
Anglo-Saxon Cemetery Sutton Hoo
16%
No matching quizzes found
Score Distribution
Percent of People with Each Score
Percentile by Number Answered
Your Score History
You have not taken this quiz